ՀՀ Գիտությունների ազգային ակադեմիայի հիմնարար գիտական գրադարան  =   Fundamental Scientific Library of NAS RA

Нефтегазоносность палеозоя Североамериканской платформы / (Record no. 472227)

MARC details
000 -LEADER
fixed length control field 00696nam-a2200193-a-4500
001 - CONTROL NUMBER
control field YSU0115856
003 - CONTROL NUMBER IDENTIFIER
control field AM-YeHGA
005 - DATE AND TIME OF LATEST TRANSACTION
control field 20250617161459.0
008 - FIXED-LENGTH DATA ELEMENTS--GENERAL INFORMATION
fixed length control field 990107s1950 xxu 000 0 rus u
040 ## - CATALOGING SOURCE
Original cataloging agency AM-YeHGA
090 ## - LOCALLY ASSIGNED LC-TYPE CALL NUMBER (OCLC); LOCAL CALL NUMBER (RLIN)
-- 475488
100 10 - MAIN ENTRY--PERSONAL NAME
Personal name Успенская, Н.Ю.
245 10 - TITLE STATEMENT
Title Нефтегазоносность палеозоя Североамериканской платформы /
Statement of responsibility, etc. Н.Ю. Успенская ; Под ред. М.Ф. Мирчинка
260 0# - PUBLICATION, DISTRIBUTION, ETC.
Place of publication, distribution, etc. Л.,
-- Москва :
Name of publisher, distributor, etc. Гостоптехиздат ,
Date of publication, distribution, etc. 1950.
300 ## - PHYSICAL DESCRIPTION
Extent 408 с.
650 #4 - SUBJECT ADDED ENTRY--TOPICAL TERM
Topical term or geographic name entry element Нефтегазоносность
650 #4 - SUBJECT ADDED ENTRY--TOPICAL TERM
Topical term or geographic name entry element Палеозой
700 1# - ADDED ENTRY--PERSONAL NAME
Personal name Мирчинк, М.Ф.
Relationship edt
Holdings
Withdrawn status Lost status Source of classification or shelving scheme Damaged status Not for loan Collection Home library Current library Date acquired Total checkouts Full call number Barcode Date last seen Price effective from Koha item type Public note
    Universal Decimal Classification     General Fundamental Scientific Library Fundamental Scientific Library 18/06/2018   РД III/8157 FL0505519 18/06/2018 18/06/2018 Գրքեր / Books 30 Days Load


ՀՀ ԳԱԱ հիմնարար գիտական գրադարան
ՀՀ,Երևան 0019
Մարշալ Բաղրամյան 24/6
հեռախոս:(374-10) 52-47-50
Հետադարձ կապ

All site content, except where otherwise noted, is licensed under a
Creative Commons License